Normal view
MARC view
- Temperature measurements
Entry Topical Term
001 - CONTROL NUMBER
- control field: 86857
003 - CONTROL NUMBER IDENTIFIER
- control field: NUST
005 - DATE AND TIME OF LATEST TRANSACTION
- control field: 20211221111958.0
008 - FIXED-LENGTH DATA ELEMENTS
- fixed length control field: 211221|| aca||aabn | a|a d
040 ## - CATALOGING SOURCE
- Original cataloging agency: NUST
- Transcribing agency: NUST
150 ## - HEADING--TOPICAL TERM
- Topical term or geographic name entry element: Temperature measurements
670 ## - SOURCE DATA FOUND
- Source citation: Work cat.: (NUST)33579: Benedict, Robert P. 86856, Fundamentals of temperature, pressure, and flow measurements /, c2011.
